| 000 | 00641nam a2200193Ia 4500 | ||
|---|---|---|---|
| 003 | GCL | ||
| 008 | 140319s9999 xx 000 0 ara d | ||
| 040 |
_aGCL / _cGCL |
||
| 082 | 0 | 4 |
_a250 _bح م |
| 100 | 1 | _aحسن على الشاذلى | |
| 245 | 1 | 0 |
_aالمدخل للفقه الاسلامى: تاريخ التشريع الاسلامى اطواره - مذاهبه - مصادره / _cحسن على الشاذلى |
| 300 | _a510 ص | ||
| 490 |
_aكتاب _v0 |
||
| 650 | 0 | 4 | _aتاريخ |
| 650 | 0 | 4 | _aالشريعة الاسلامية |
| 650 | 0 | 4 | _aالفقه الاسلامى |
| 650 | 0 | 4 | _aالاسلام - تاريخ |
| 942 |
_2ddc _cBK |
||
| 999 |
_c42643 _d42643 |
||